Misspelt R6 Operator Names - Statistics

General Stats
  • This quiz has been taken 68 times
  • The average score is 13 of 16
Answer Stats
Hint Answer % Correct
Sludge Sledge
100%
Termite Thermite
100%
Desmos Deimos
98%
Binka Finka
98%
Gidbock Gridlock
98%
Vergil Vigil
98%
Bravo Brava
94%
KapKut Kapkan
91%
Cram Ram
89%
horn Thorn
85%
Dokabie Dokkaebi
83%
Book Rook
79%
Ratchet Thatcher
68%
CrapLeard BlackBeard
66%
Crash Ash
45%
Struvick Maverick
40%
No matching quizzes found
Score Distribution
Percent of People with Each Score
Percentile by Number Answered
Your Score History
You have not taken this quiz